Entry Término temático
001 - NÚMERO DE CONTROL
- campo de control: 3098
003 - IDENTIFICADOR DEL NÚMERO DE CONTROL
- campo de control: BNPHU
005 - FECHA Y HORA DE LA ÚLTIMA TRANSACCIÓN
- campo de control: 20251017104247.0
008 - DATOS DE LONGITUD FIJA
- campo de control de longitud fija: 200615|| aca||aabn | a|a d
010 ## - NÚMERO DE CONTROL DE LA BIBLIOTECA DEL CONGRESO
- Número de control de LC: sh 85136871
040 ## - FUENTE DE LA CATALOGACIÓN
- Centro catalogador/agencia de origen: DO-SdBNP
- Lengua de catalogación: spa
- Centro/agencia transcriptor: BNPHU
- Normas de descripción: rda
150 ## - ENCABEZAMIENTO--TÉRMINO DE MATERIA
- Término de materia o nombre geográfico como elemento de entrada: Análisis transaccional
450 0# - TRAZADO DE VÉASE--TÉRMINO DE MATERIA
- Término de materia o nombre geográfico como elemento de entrada: Transactional analysis
550 ## - TRAZADO VÉASE ADEMÁS--TÉRMINO DE MATERIA
- Término de materia o nombre geográfico como elemento de entrada: Psicoterapia
- Subcampo de control: g
550 ## - TRAZADO VÉASE ADEMÁS--TÉRMINO DE MATERIA
- Término de materia o nombre geográfico como elemento de entrada: Niño interior
- Subcampo de control: h
670 ## - FUENTE DE DATOS ENCONTRADOS
- Cita de la fuente: Work cat.: (OSt)868: Tapia, Juan José 3097, Estrategia a la okeidad :, 1978.
670 ## - FUENTE DE DATOS ENCONTRADOS
- Identificador Uniforme del Recurso: https://librunam.dgb.unam.mx:8443/F/N88L93PS8G73JLERXMIL7HQ51QJ3X3D7MXUPGNVP4JN5Q67J85-07620?func=find-acc&acc_sequence=000503650 Consultado en 17 de octubre, 2025
- Identificador Uniforme del Recurso: https://authorities.loc.gov/authority/26f939b5-8074-41bb-8d56-f92df56bf2ae?searchFields=subject&searchType=begins&searchTerm=Transactional+analysis&limit=100&sortBy=relevance&headingRef=Transactional+analysis Consultado en 17 de octubre, 2025
750 0# - ENTRADA DE ENLACE DE ENCABEZAMIENTO ESTABLECIDO--TÉRMINO DE MATERIA
- Término de materia o nombre geográfico como elemento de entrada: Transactional analysis
- Número de control del registro de autoridad o número normalizado: sh 85136871
